Szczegóły MARC21

Schiller, Räuber, Embleme ... : Friedrich Schillers Räuber - ein barockes Emblem? /

003 -Nazwa inst., której nr kontr. jest w polu 001 [,]
    • @
    • Nazwa instytucji, której n kontrolny jest w polu 001
    • NUKAT
005 -DATA I CZAS OSTATNIEJ MODYFIKACJI [,]
    • @
    • pole kontrolne
    • 20241231112408.0
020 -Międzynarod. znormalizowany nr książki - ISBN [ , ]
    • a
    • Numer ISBN
    • 9163110059 Find
    • q
    • Dopowiedzenie
    • oprawa miękka
040 -Instytucja sporządzająca opis [ , ]
    • a
    • Instytucja, która sporządziła opis (NP)
    • SZCZ U/AB
    • b
    • Język katalogowania
    • pol
    • e
    • Zasady katalogowania
    • rda
    • c
    • Instytucja, która sporządziła rekord (NP)
    • SZCZ U/ABs
942 -Rodzaj dokumentu [ , ]
    • c
    • Rodzaj dokumentu
    • Książka
100 -Hasło główne - nazwa osobowa [1, ]
    • a
    • Nazwa osobowa (NP)
    • Stransky-Stranka-Greifenfels, Werner von.
    • e
    • Rodzaj współpracy
    • Autor
    • 9
    • KHW
    • 632482
245 -Strefa tytułu i oznaczenia odpowiedzialności [1,0]
    • a
    • Tytuł
    • Schiller, Räuber, Embleme ... : Find
    • b
    • Ciąg dalszy tytułu (NP)
    • Friedrich Schillers Räuber - ein barockes Emblem? / Find
    • c
    • Pozostałe elementy strefy tytułu i oznaczenia odpowiedzialności (NP)
    • Werner von Stransky-Stranka-Greifenfels.
260 -Strefa adresu wydawniczego [ , ]
    • a
    • Miejsce wydania (P)
    • Stockholm :
    • b
    • Nazwa wydawcy (P)
    • Germanistisches Institut, Universität Stockholm,
    • c
    • Data wydania (P)
    • 2001.
300 -Strefa opisu fizycznego [ , ]
    • a
    • Określenie formy książki i/lub objętość (NP)
    • 63, [4] strony :
    • b
    • Oznaczenie ilustracji (NP)
    • ilustracje ;
    • c
    • Format (NP)
    • 30 cm.
336 -Typ zawartości [ , ]
    • a
    • Termin opisujący typ zawartości
    • Tekst
    • b
    • Kod określający zawartość
    • txt
    • 2
    • Źródło (terminu i kodu)
    • rdacontent
337 -Typ mediów [ , ]
    • a
    • Tryb odtwarzania
    • Bez urządzenia pośredniczącego
    • b
    • Kod typu mediów
    • n
    • 2
    • Źródło (terminu i kodu)
    • rdamedia
338 -Typ/rodzaj nośnika [ , ]
    • a
    • Hasło opisujące typ nośnika
    • Wolumin
    • b
    • Kod typu nośnika
    • nc
    • 2
    • Źródło (terminu i kodu)
    • rdacarrier
490 -Strefa serii i książki wielotomowej - forma nie do wyszukiwania [1, ]
    • a
    • Tytuł (P)
    • Schriften des Germanistischen Instituts, Universität Stockholm ; Find
    • v
    • Numeracja (P)
    • 27
830 -Hasło dodatkowe serii i opisu książki wielotomowej - tytuł ujednolicony/tytuł [ ,0]
    • a
    • Tytuł ujednolicony/tytuł (NP)
    • Schriften des Germanistischen Instituts, Universität Stockholm
    • v
    • Oznaczenie tomu (NP)
    • 27
    • 9
    • KHW
    • 707158
504 -Uwaga dot. bibliogr. załącznikowej [ , ]
    • a
    • Uwaga dot. bibliografii załącznikowej
    • Bibliografia na stronach 62-63.
080 -Uniwersalna Klasyfikacja Dziesiętna [ , ]
    • a
    • Symbol klasyfikacji
    • 830(091)-2"17/18"Schiller F.=30
080 -Uniwersalna Klasyfikacja Dziesiętna [ , ]
    • a
    • Symbol klasyfikacji
    • :82.0=30
600 -Hasło przedmiotowe w formie nazwy osobowej [1,7]
    • a
    • Nazwa osobowa
    • Schiller, Friedrich
    • d
    • Daty związane z nazwą
    • (1759-1805).
    • t
    • Tytuł
    • Räuber
    • 2
    • Źródło terminu
    • kaba
    • 9
    • KHW
    • 327432
650 -Hasło przedmiotowe [ ,7]
    • a
    • Hasło przedmiotowe
    • Literatura niemiecka
    • y
    • Określnik chronologiczny
    • 1500-1700
    • x
    • Określnik rzeczowy
    • historia i krytyka.
    • 2
    • Źródło terminu
    • kaba
    • 9
    • KHW
    • 407897
650 -Hasło przedmiotowe [ ,7]
    • a
    • Hasło przedmiotowe
    • Literatura barokowa
    • x
    • Określnik rzeczowy
    • historia i krytyka.
    • 2
    • Źródło terminu
    • kaba
    • 9
    • KHW
    • 364734
650 -Hasło przedmiotowe [ ,7]
    • a
    • Hasło przedmiotowe
    • Emblematy
    • z
    • Określnik geograficzny
    • Niemcy
    • y
    • Określnik chronologiczny
    • 1500-1800.
    • 2
    • Źródło terminu
    • kaba
    • 9
    • KHW
    • 707201
980 -Symbol UKD [ , ]
    • a
    • UKD
    • 830(091)-2"17/18"Schiller F.:82.0]=30
710 -Hasło dodatkowe - nazwa ciała zbiorowego [2, ]
    • a
    • Nazwa ciała zbiorowego lub nazwa geograficzna jako pierwszy element (NP)
    • Stockholms universitet.
    • b
    • Nazwa jednostki podrzędnej (P)
    • Tyska Institutionen.
    • e
    • Rodzaj współpracy
    • Wydawca
    • 4
    • Kod relacji
    • pbl
    • 9
    • KHW
    • 707157
920 -ISBN [ , ]
    • a
    • ISBN
    • 91-631-1005-9 Find
    • q
    • Dopowiedzenie
    • oprawa miękka
Sygnatura Status udost. Lokalizacja Data inwentaryzacji Numer inwentarzowy
Germ. Literaturozn.-Schiller 24-3BM2004-05-26G.17295